|
|
|
|
| LEADER |
00000nam0a2200000 4500 |
| 001 |
274783 |
| 005 |
20231101234748.0 |
| 020 |
|
|
|a RU
|b 84-71767
|
| 035 |
|
|
|a (RuTPU)RU\TPU\book\298012
|
| 090 |
|
|
|a 274783
|
| 100 |
|
|
|a 20141110d1984 k a0rusy5003 ca
|
| 101 |
0 |
|
|a rus
|
| 102 |
|
|
|a RU
|
| 105 |
|
|
|a a z 001zy
|
| 200 |
1 |
|
|a Ионный обмен и хроматография
|e сборник научных трудов
|f Академия наук СССР (АН СССР) ; под ред. Г. В. Самсонова
|
| 210 |
|
|
|a Ленинград
|c Наука
|d 1984
|
| 215 |
|
|
|a 189 с.
|c ил.
|
| 606 |
1 |
|
|a Ионный обмен
|x Химия
|2 stltpush
|3 (RuTPU)RU\TPU\subj\70865
|9 85034
|
| 606 |
1 |
|
|a Хроматография ионная
|2 stltpush
|3 (RuTPU)RU\TPU\subj\73847
|9 86593
|
| 610 |
1 |
|
|a иониты
|
| 610 |
1 |
|
|a свойства
|
| 610 |
1 |
|
|a равновесие
|
| 610 |
1 |
|
|a кинетика
|
| 610 |
1 |
|
|a ионообменные материалы
|
| 610 |
1 |
|
|a применение
|
| 610 |
1 |
|
|a катализаторы
|
| 675 |
|
|
|a 544.726
|v 4
|
| 675 |
|
|
|a 543.544.1
|v 4
|
| 702 |
|
1 |
|a Самсонов
|b Г. В.
|g Григорий Валентинович
|4 340
|
| 712 |
0 |
2 |
|a Академия наук СССР (АН СССР)
|c (1925-1991)
|2 stltpush
|3 (RuTPU)RU\TPU\col\722
|
| 801 |
|
0 |
|a RU
|b RuMRKP
|c 19950704
|g psbo
|
| 801 |
|
1 |
|a RU
|b 63413507
|c 20141110
|
| 801 |
|
2 |
|a RU
|b 63413507
|c 20170328
|g RCR
|
| 942 |
|
|
|c BK
|